zpět

Detail výsledku týmu

Burger & Beer Brothers, Olomouc

Datum a čas kvízu

40.5 Celkem bodů Celkový počet nahraných bodů na tomto kvízu bez doplňovacích otázek.
2. Pořadí na kvízu Konečné umístění týmu na tomto kvízu.

Zaznamenané odpovědi

# Otázka Odpověď Body Výsledky
1. Středočeská obec Mirošovice po... Předčasně zveřejnila výsledky. 1
2. Na výročí Světového dne metrol... Max Planck 1
3. Zlínský filmový festival minul... kybernetický útok 1
4. Rakouský nábytkářský řetězec X... Kika 1
5. V pondělí nás opustil Niki Lau... Laudamotion, Niki 0.5
6. Jakou barvu má pruh, který je... bílou 0
7. Kolik vodorovných pruhů tvoří... čtyři 1
8. Na thajské vlajce nenajdeme pr... C 1
9. Slovinskou vlajku tvoří znak v... prostřední 1
10. Který z pruhů na vlajce Maďars... A 0